000 00195 a2200097 4500
001 2260
100 _aJudge, A W
245 _aModern gas turbines
260 _a
_bChapman
_c
090 _c1639
_d1639
942 _aNUST-CAE
_cM
_c7102
999 _c237333
_d237333